Billie Eilish - everything i wanted Lyrics - Statistics

General Stats
  • This quiz has been taken 453 times
  • The average score is 266 of 315
Answer Stats
Answer % Correct
a
100%
I
100%
when
100%
everything
98%
go
98%
had
98%
dream
97%
got
97%
no
97%
To
97%
to
97%
wanted
97%
You
97%
you
97%
you"
97%
It
96%
it
96%
the
95%
what
95%
What
95%
And
94%
if
94%
If
94%
I'm
94%
Not
93%
not
93%
then
93%
But
92%
but
92%
me
92%
do
90%
who
90%
could
89%
they
89%
'They
89%
They
89%
hear
88%
might
88%
(might
88%
nightmare
88%
see
88%
"As
87%
as
87%
been
87%
Don't
87%
don't
87%
one
87%
So
87%
can
86%
care
86%
care)
86%
have
86%
think
86%
here
85%
hurt
85%
long
85%
my
85%
say
85%
head
84%
honest
84%
being
83%
was
83%
wanna
81%
would
81%
Would
81%
that
80%
up
80%
with
80%
lie
78%
there
78%
Thought
78%
thought
78%
wake
78%
way
78%
Like
77%
like
77%
you'd
77%
right
76%
change
75%
deserve
75%
fly
75%
(fly)
75%
yourself
75%
anyone
74%
underwater
73%
even
72%
Nobody
72%
tried
72%
off
71%
why
71%
scream
70%
again?
69%
Golden
69%
learn
69%
noticed
69%
said
69%
cried
68%
(cried
68%
cried)
68%
just
68%
wouldn't
68%
wonder
67%
Kinda
66%
stepped
66%
all
65%
called
65%
daughter
65%
knew
65%
them
65%
weak
65%
know
63%
somebody's
63%
standing
62%
saw
61%
straight
61%
let
60%
were
60%
ago
58%
anybody
58%
year
58%
feels
57%
felt
57%
from
56%
yesterday
56%
down
55%
could've
54%
now
54%
'Cause
53%
instead?
53%
instead
53%
everybody
50%
something
50%
wants
48%
'em
45%
mm
39%
No matching quizzes found
Score Distribution
Percent of People with Each Score
Percentile by Number Answered
Your Score History
You have not taken this quiz